000 00503nam a2200169Ia 4500
005 20251020182613.0
008 200515s9999 xx 000 0 und d
082 _aSC/69.05/C22
100 _aGALLEGOS VARGAS, Héctor RÍOS JIMENEZ, Raúl CASABONNE RASSELET, Carlos UCELLI LAVATELLI, Carlos ICOCHEA BARRON, Guillermo
245 0 _aConstrucción de estructuras : Manual de obra
260 _aLima
260 _cs.a.
300 _a307
650 _aESTRUCTURAS
650 _aPUB CAPECO
942 _cLIB
999 _c3408
_d3408